000
00281nam a22001097a 4500
008
140321t xxu||||| |||| 00| 0 eng d
100
_a
John M. Walker
_9
804
240
_a
Methods in Molecular Biology
245
_a
Basic Protein and Peptide Protocols
300
_a
490
942
_2
ddc
_c
BK
999
_c
17054
_d
17054